Introduction to the Modern Theory of Dynamical Systems (Record no. 3791)
[ view plain ]
| 000 -LEADER | |
|---|---|
| fixed length control field | 00843cam a2200253 a 4500 |
| 001 - CONTROL NUMBER | |
| control field | 3015165 |
| 003 - CONTROL NUMBER IDENTIFIER | |
| control field | OSt |
| 005 - DATE AND TIME OF LATEST TRANSACTION | |
| control field | 20161201134954.0 |
| 008 - FIXED-LENGTH DATA ELEMENTS--GENERAL INFORMATION | |
| fixed length control field | 940622s1995 enka b 001 0 eng |
| 010 ## - LIBRARY OF CONGRESS CONTROL NUMBER | |
| LC control number | 94026547 |
| 020 ## - INTERNATIONAL STANDARD BOOK NUMBER | |
| International Standard Book Number | 0521341876 |
| 040 ## - CATALOGING SOURCE | |
| Original cataloging agency | DLC |
| Transcribing agency | DLC |
| Modifying agency | DLC |
| 050 00 - LIBRARY OF CONGRESS CALL NUMBER | |
| Classification number | QA614.8 |
| Item number | .K38 1995 |
| 082 00 - DEWEY DECIMAL CLASSIFICATION NUMBER | |
| Classification number | 510.1 |
| Edition number | 20 |
| Item number | KAT 1995 |
| 100 1# - MAIN ENTRY--PERSONAL NAME | |
| Personal name | Katok, Anatole B.; Boris Hasselblatt |
| 9 (RLIN) | 8332 |
| 245 10 - TITLE STATEMENT | |
| Title | Introduction to the Modern Theory of Dynamical Systems |
| 260 ## - PUBLICATION, DISTRIBUTION, ETC. (IMPRINT) | |
| Name of publisher, distributor, etc. | Cambridge University Press, |
| Date of publication, distribution, etc. | 1995. |
| 300 ## - PHYSICAL DESCRIPTION | |
| Extent | xviii, 802 p. : |
| Other physical details | ill. ; |
| Dimensions | 24 cm. |
| 504 ## - BIBLIOGRAPHY, ETC. NOTE | |
| Bibliography, etc | Includes bibliographical references and index. |
| 650 #0 - SUBJECT ADDED ENTRY--TOPICAL TERM | |
| Topical term or geographic name as entry element | Dynamic systems. |
| 9 (RLIN) | 3007 |
| 856 42 - ELECTRONIC LOCATION AND ACCESS | |
| Materials specified | Publisher description |
| Uniform Resource Identifier | http://www.loc.gov/catdir/description/cam026/94026547.html |
| 906 ## - LOCAL DATA ELEMENT F, LDF (RLIN) | |
| a | 7 |
| b | cbc |
| c | orignew |
| d | 1 |
| e | ocip |
| f | 19 |
| g | y-gencatlg |
| 942 ## - ADDED ENTRY ELEMENTS (KOHA) | |
| Source of classification or shelving scheme | Dewey Decimal Classification |
| Koha item type | Short Loan |
| Withdrawn status | Lost status | Source of classification or shelving scheme | Damaged status | Not for loan | Home library | Current library | Date acquired | Source of acquisition | Inventory number | Total Checkouts | Full call number | Barcode | Date last seen | Koha item type | Price effective from |
|---|---|---|---|---|---|---|---|---|---|---|---|---|---|---|---|
| Dewey Decimal Classification | MUST Main Library | MUST Main Library | 26/04/2016 | 03/20456 | 510.1 KAT 1995 | 2016-1428 | 26/04/2016 | Short Loan | |||||||
| Dewey Decimal Classification | MUST Main Library | MUST Main Library | 01/12/2016 | 04/22763 | 510.1 KAT 1995 | 2016-4979 | 01/12/2016 | Open Shelf | |||||||
| Dewey Decimal Classification | MUST Main Library | MUST Main Library | 01/12/2016 | 06/28079 | 510.1 KAT 1995 | 2016-4980 | 01/12/2016 | Open Shelf | |||||||
| Dewey Decimal Classification | MUST Main Library | MUST Main Library | 01/12/2016 | 06/28080 | 510.1 KAT 1995 | 2016-4981 | 01/12/2016 | Open Shelf | |||||||
| Dewey Decimal Classification | MUST Main Library | MUST Main Library | 17/03/2022 | Purchase | 04/22764 | 510.1 KAT 1995 | 2022-0497 | 17/03/2022 | Open Shelf | 17/03/2022 |
